| 000 | 01107nam a2200337 c 4500 | ||
|---|---|---|---|
| 001 | 13467 | ||
| 003 | ES-MaCES | ||
| 005 | 20150929135437.0 | ||
| 008 | 020402s2002 sp d o000 | spa d | ||
| 017 |
_aM 6168-2002 _bDL |
||
| 020 | _a8430937676 | ||
| 035 | _aCES20020004329m | ||
| 040 |
_aES-MaCES _bspa _cES-MaCES |
||
| 100 | 1 |
_aFuente Pascual, Félix de la _912472 |
|
| 245 | 1 | 0 |
_aGlosario jurídico-político de la Unión Europea _cFélix de la Fuente Pascual |
| 260 |
_aMadrid _bTecnos _c[2002] |
||
| 300 |
_a347 p. _c22 cm |
||
| 490 | 1 | _aColección de ciencias sociales. Serie de ciencia política | |
| 504 | _aBibliografía: p. 345-347 | ||
| 541 | _cCompra | ||
| 650 | 4 |
_aderecho comunitario _929866 |
|
| 650 | 4 |
_apolítica comunitaria _930776 |
|
| 650 | 4 |
_aglosario _929244 |
|
| 650 | 4 |
_alengua española _930838 |
|
| 653 | 1 | 0 | _aDiccionarios temáticos |
| 650 | 4 |
_926752 _aUE |
|
| 830 | 0 |
_aColección de ciencias sociales (Editorial Tecnos) _pSerie de ciencia política _933742 |
|
| 902 | _aLIB Libro | ||
| 942 |
_2CES _cBK _h9.3. |
||
| 999 |
_c13467 _d13467 |
||